| 000 | 00744cam a22002771 4500 | ||
|---|---|---|---|
| 001 | 29943 | ||
| 003 | BD-RjUL | ||
| 005 | 20211209051503.0 | ||
| 008 | 140408r19741952enk 001 0 eng | ||
| 020 | _a0416682200 | ||
| 020 | _a0416682200 | ||
| 035 | _a(BD-RjUL)30028 | ||
| 035 | _a(OCoLC)373139 | ||
| 040 |
_aDLC _cODaWU _dOCoLC _dWY@ _dDLC _dBD-RjUL _beng |
||
| 041 | _aeng | ||
| 082 |
_a160 _bSTI 1974 |
||
| 100 | 1 |
_aStrawson, P. F. _9294 |
|
| 245 | 1 | 0 |
_aIntroduction to logical theory / _cby P. F. Strawson. |
| 260 |
_aLondon : _bMethuen, _c1952 [Reprinted 1971, 1974]. |
||
| 300 |
_ax, 266 p. ; _c20 cm. |
||
| 504 | _aIncludes index. | ||
| 650 | 0 |
_aLogic. _991109 |
|
| 942 |
_2ddc _cBK |
||
| 999 |
_c29943 _d29943 |
||